[Event "III DOLNOSLASKA LIGA SZACHOWA 2019/2020"]
[Site "Dolny Slask"]
[Date "1899-12-30"]
[Round "1.28"]
[White "Siembab, Bartosz"]
[Black "Czoch, Karol"]
[Result "1/2-1/2"]
[WhiteTitle "k++"]
[BlackTitle "II"]
[WhiteElo "2089"]
[BlackElo "1655"]

1. d4 Nf6 2. c4 d5 3. cxd5 Qxd5 4. Nc3 Qa5 5. Nf3 Bf5 6. Qb3 Qb6 7. Qxb6 axb6 8.
Bf4 Na6 9. Rc1 e6 10. e3 c6 11. Nh4 Bg4 12. f3 Bh5 13. g4 Bg6 14. Nxg6 hxg6 15.
e4 Be7 16. Bc4 b5 17. Bb3 Rd8 18. Be3 Rh3 19. Kf2 b4 20. Ne2 Nc7 21. Kg2 Rh8 22.
Rhd1 Bd6 23. h3 Rc8 24. g5 Nd7 25. Nf4 Rh4 26. Ne2 f5 27. Bf2 Rh8 28. exf5 gxf5
29. Ng3 g6 30. Ne2 Nd5 31. h4 N7b6 32. Rh1 Kd7 33. Rh3 Rh7 34. Rch1 Rch8 35. Bg3
f4 1/2-1/2

[Event "III DOLNOSLASKA LIGA SZACHOWA 2019/2020"]
[Site "Dolny Slask"]
[Date "1899-12-30"]
[Round "1.29"]
[White "Wilk, Aleksander"]
[Black "Majocha, Piotr"]
[Result "1/2-1/2"]
[WhiteTitle "II"]
[BlackTitle "I++"]
[WhiteElo "1383"]
[BlackElo "1820"]

1. e4 c5 2. Nf3 d6 3. c4 Nc6 4. Nc3 g6 5. d4 cxd4 6. Nxd4 Bg7 7. Be3 Nf6 8. Be2
O-O 9. O-O Bd7 10. Qd2 Re8 11. Rac1 a6 12. f3 Rc8 13. Nd5 Nxd5 14. cxd5 Nxd4 15.
Bxd4 Bxd4+ 16. Qxd4 Qa5 17. a3 Bb5 18. Bxb5 Qxb5 19. b4 a5 20. f4 axb4 21. axb4
Qe2 22. e5 Rc2 23. Rxc2 Qxc2 24. Qb6 Ra8 25. exd6 Ra2 26. Qf2 Qxf2+ 27. Rxf2 Ra1+
28. Rf1 Rxf1+ 29. Kxf1 exd6 30. Ke2 f5 31. Ke3 b5 32. Kf3 Kg7 33. h3 Kf6 34. g3
h6 35. h4 h5 36. Ke3 1/2-1/2

[Event "III DOLNOSLASKA LIGA SZACHOWA 2019/2020"]
[Site "Dolny Slask"]
[Date "1899-12-30"]
[Round "2.1"]
[White "Pyka, Roman"]
[Black "Lipien, Wieslaw"]
[Result "1-0"]
[WhiteTitle "k"]
[BlackTitle "I++"]
[WhiteElo "1853"]
[BlackElo "2040"]

1. Nf3 d6 2. d4 g6 3. c4 Bg7 4. Nc3 Nd7 5. g3 c5 6. d5 a6 7. e4 Rb8 8. a4 Ne5 9.
h3 e6 10. Bf4 Nxf3+ 11. Qxf3 e5 12. Bd2 Ne7 13. Bg2 O-O 14. O-O f5 15. Qe2 fxe4
16. Bg5 Qd7 17. g4 Rf7 18. Bxe4 Bf6 19. Be3 Bg7 20. Bg2 b6 21. Ne4 h6 22. Qd2
Kh7 23. b4 a5 24. bxa5 bxa5 25. Qxa5 Ng8 26. Rab1 Rxb1 27. Rxb1 Nf6 28. Qb5 Nxe4
29. Bxe4 Qe7 30. Qb2 Qh4 31. Qc2 Rf6 32. Kg2 h5 33. f3 Bh6 34. Qf2 Qxf2+ 35. Bxf2
hxg4 36. hxg4 Bd2 37. Bh4 Rf7 38. Rb6 Rd7 39. Rb8 Ba6 40. Bf6 1-0

[Event "III DOLNOSLASKA LIGA SZACHOWA 2019/2020"]
[Site "Dolny Slask"]
[Date "1899-12-30"]
[Round "2.2"]
[White "Kmiecik, Wojciech"]
[Black "Gromczak, Dariusz"]
[Result "1-0"]
[WhiteTitle "I+"]
[BlackTitle "I+"]
[WhiteElo "1947"]
[BlackElo "1818"]

1. e4 g6 2. d4 Bg7 3. Nf3 d6 4. c4 Nd7 5. Nc3 e6 6. Be2 Ne7 7. O-O b6 8. Be3 Bb7
9. d5 e5 10. b4 a5 11. a3 f5 12. Ng5 Nf8 13. c5 bxc5 14. Qa4+ Qd7 15. Bb5 c6 16.
bxc5 h6 17. dxc6 Bxc6 18. cxd6 Qxd6 19. Rfd1 Qc7 20. Nd5 Qb7 21. Bxc6+ Nxc6 22.
Rab1 1-0

[Event "III DOLNOSLASKA LIGA SZACHOWA 2019/2020"]
[Site "Dolny Slask"]
[Date "1899-12-30"]
[Round "2.3"]
[White "Szablewski, Krzysztof"]
[Black "Czoch, Karol"]
[Result "0-1"]
[WhiteTitle "II"]
[BlackTitle "II"]
[WhiteElo "1839"]
[BlackElo "1655"]

1. f4 d5 2. Nf3 c5 3. e3 Nc6 4. d4 Bf5 5. c3 e6 6. Bb5 a6 7. Bd3 Qf6 8. O-O Bd6
9. Ne5 h5 10. Qc2 Nge7 11. Nd2 Rc8 12. Bxf5 Qxf5 13. Qxf5 Nxf5 14. Ndf3 f6 15.
Nd3 c4 16. Nf2 Kf7 17. e4 Nh6 18. Bd2 Rce8 19. Rae1 b5 20. Re2 a5 21. Rfe1 b4
22. e5 Bc7 23. h3 f5 24. Rb1 Rb8 25. Nd1 Rb7 26. Rc1 Rhb8 27. Kf2 Bd8 28. Ng5+
Ke7 29. Kf3 bxc3 30. Bxc3 Nb4 31. a3 Na2 32. Rcc2 Rb3 33. Kf2 Bb6 34. Nf3 Nxc3
35. Rxc3 Rb5 36. Rcc2 Nf7 37. Nc3 Rb3 38. Ke3 Ba7 0-1

[Event "III DOLNOSLASKA LIGA SZACHOWA 2019/2020"]
[Site "Dolny Slask"]
[Date "1899-12-30"]
[Round "2.4"]
[White "Mucha, Tomasz"]
[Black "Dudek, Wojciech"]
[Result "0-1"]
[WhiteTitle "II"]
[BlackTitle "I"]
[WhiteElo "1475"]
[BlackElo "1832"]

1. e4 c6 2. Nf3 d5 3. exd5 cxd5 4. d4 a6 5. Bd3 Bg4 6. Nc3 Nc6 7. O-O Nxd4 8. Be2
Nxe2+ 9. Qxe2 e6 10. h3 Bh5 11. Bf4 Bxf3 12. Qxf3 Bd6 13. Bd2 Qf6 14. Qe2 Qe5
15. f4 Qxe2 16. Nxe2 Ne7 17. Rae1 b5 18. Bc3 O-O 19. a3 Rfc8 20. Rf3 a5 21. Rc1
Rc4 22. Bd2 Nf5 23. Rb3 b4 24. axb4 axb4 25. c3 bxc3 26. Rbxc3 Rxc3 27. Rxc3 Rb8
28. Bc1 h5 29. Kf2 Be7 30. g4 Nd6 31. Rd3 Bf6 32. b3 Ne4+ 33. Ke1 Nc5 34. Rf3
hxg4 35. hxg4 Nxb3 36. g5 Ba1 37. Ba3 Nd4 38. Nxd4 Bxd4 39. Kd2 Kh7 40. f5 e5
41. Rh3+ Kg8 42. Be7 e4 43. f6 Be5 44. Ke2 d4 45. Kd2 Rb2+ 46. Kc1 d3 0-1

[Event "III DOLNOSLASKA LIGA SZACHOWA 2019/2020"]
[Site "Dolny Slask"]
[Date "1899-12-30"]
[Round "2.6"]
[White "Klykow, Lukasz"]
[Black "Luba, Lukasz"]
[Result "1/2-1/2"]
[WhiteTitle "k+"]
[BlackTitle "I++"]
[WhiteElo "2211"]
[BlackElo "2178"]

1. e4 e6 2. d4 d5 3. Nc3 Ne7 4. Bd3 c6 5. Nf3 dxe4 6. Nxe4 Nd5 7. O-O Nd7 8. c4
N5f6 9. Re1 Be7 10. b3 O-O 11. Bb2 b6 12. Ne5 Bb7 13. Qf3 Qc7 14. Qh3 Nxe4 15.
Bxe4 f5 16. Bc2 Rf6 17. Nxd7 Rh6 18. Qe3 Qxh2+ 19. Kf1 c5 20. d5 exd5 21. Qxe7
Rg6 22. Bxf5 Qxg2+ 23. Ke2 d4 24. Bxg6 Qf3+ 25. Kd2 Qxf2+ 26. Re2 Qf4+ 27. Kc2
hxg6 28. Nf6+ Qxf6 29. Qxb7 Rd8 30. Rd1 Qf5+ 31. Qe4 Re8 32. Qxf5 Rxe2+ 33. Rd2
Rxd2+ 34. Kxd2 gxf5 35. b4 cxb4 36. Bxd4 Kf7 37. Be5 g5 38. Bb8 a6 39. Bc7 b5
40. c5 Ke6 41. Bd8 Kd5 42. Bxg5 Kxc5 43. Bd8 Kc4 44. Kc2 f4 45. Bb6 f3 46. Bf2
a5 47. Bb6 a4 48. Bf2 Kd5 49. Kd3 b3 50. axb3 a3 51. Be1 a2 52. Bc3 b4 53. Bg7
f2 54. Ke2 Ke4 55. Kxf2 Kd3 56. Kf3 Kc2 57. Ke2 Kxb3 58. Kd3 Ka3 59. Ba1 b3 60.
Kc3 1/2-1/2

[Event "III DOLNOSLASKA LIGA SZACHOWA 2019/2020"]
[Site "Dolny Slask"]
[Date "1899-12-30"]
[Round "2.7"]
[White "Laszewicz, Pawel"]
[Black "Zminda, Bogdan"]
[Result "0-1"]
[WhiteTitle "k"]
[BlackTitle "k"]
[WhiteElo "2150"]
[BlackElo "2008"]

1. e4 c5 2. Nf3 Nc6 3. d4 cxd4 4. Nxd4 Nf6 5. Nc3 d6 6. Nb3 g6 7. Be2 Bg7 8. Be3
a6 9. Qd2 Ng4 10. Bxg4 Bxg4 11. Bh6 Bxh6 12. Qxh6 Be6 13. Qg7 Kd7 14. Nd5 Bxd5
15. exd5 Nb4 16. O-O-O Qc7 17. c3 Qc4 18. Nd4 Rac8 0-1

[Event "III DOLNOSLASKA LIGA SZACHOWA 2019/2020"]
[Site "Dolny Slask"]
[Date "1899-12-30"]
[Round "2.8"]
[White "Wrobel, Maciej"]
[Black "Majocha, Piotr"]
[Result "1-0"]
[WhiteTitle "I++"]
[BlackTitle "I++"]
[WhiteElo "1947"]
[BlackElo "1820"]

1. e4 e6 2. d4 d5 3. Bd3 Nf6 4. e5 Nfd7 5. Nf3 c5 6. c3 Nc6 7. O-O Qb6 8. dxc5
Bxc5 9. b4 Be7 10. Re1 a6 11. Bf4 Nf8 12. Nbd2 Ng6 13. Bg3 O-O 14. h4 Rd8 15.
a3 Bd7 16. Rc1 Rac8 17. h5 Nf8 18. Qe2 h6 19. Bf4 f6 20. g4 a5 21. exf6 Bxf6 22.
g5 hxg5 23. Bxg5 axb4 24. axb4 e5 25. Bxf6 gxf6 26. Nh4 e4 27. Nxe4 dxe4 28. Bc4+
Kg7 29. Kh1 Ne5 30. Rg1+ Nfg6 31. Nxg6 Nxc4 32. Ne5+ Kf8 33. Nxc4 Qe6 34. Qe3
Rxc4 35. Qh6+ Ke7 36. Rg7+ Kd6 37. Rd1+ Kc7 38. Qe3 Rc6 39. b5 Rd6 40. Qc5+ Kb8
41. Qxd6+ Qxd6 42. Rxd6 Kc7 43. Rdxd7+ Rxd7 44. h6 1-0

[Event "III DOLNOSLASKA LIGA SZACHOWA 2019/2020"]
[Site "Dolny Slask"]
[Date "1899-12-30"]
[Round "2.9"]
[White "Sypien, Natan"]
[Black "Szyler, Bartosz"]
[Result "1-0"]
[WhiteTitle "I"]
[BlackTitle "I"]
[WhiteElo "1777"]
[BlackElo "1788"]

1. d4 Nf6 2. Bg5 Ne4 3. Bf4 d5 4. e3 Bf5 5. Nf3 e6 6. Nbd2 Bd6 7. Bd3 O-O 8. Qe2
c5 9. Bxd6 Qxd6 10. c4 Nc6 11. cxd5 exd5 12. dxc5 Qxc5 13. O-O Rfe8 14. Nb3 Qb6
15. Nfd4 Bg6 16. Nxc6 bxc6 17. Rac1 Nd6 18. Bxg6 hxg6 19. Nc5 Nc4 20. Na4 Qb4
21. b3 Rad8 22. Rfd1 Rd6 23. Rd4 Qa5 24. Rcxc4 dxc4 25. Rxd6 cxb3 26. axb3 Rb8
27. Rd3 Qa6 28. Qd1 Kh7 29. g3 Qc8 30. Qc2 Rb5 31. Rc3 Qb7 32. Nc5 Qe7 33. Qe4
Qd6 34. Qh4+ Kg8 35. Rd3 1-0

[Event "III DOLNOSLASKA LIGA SZACHOWA 2019/2020"]
[Site "Dolny Slask"]
[Date "1899-12-30"]
[Round "2.10"]
[White "Wrobel, Ewelina"]
[Black "Trusz, Julia"]
[Result "0-1"]
[WhiteTitle "I"]
[BlackTitle "I+"]
[WhiteElo "1741"]
[BlackElo "1562"]

1. e4 c5 2. Nf3 e6 3. d4 cxd4 4. Nxd4 Nc6 5. Be3 a6 6. a3 Nf6 7. Nc3 Qc7 8. Be2
Be7 9. O-O O-O 10. Qc1 d5 11. exd5 Nxd5 12. Nxd5 exd5 13. Bf3 Bf6 14. Rd1 Rd8
15. Rb1 Ne5 16. Bf4 Nxf3+ 17. Nxf3 Qb6 18. Be3 d4 19. Bf4 Bg4 20. Rd3 Bf5 21.
Rb3 Qc6 22. Ne1 Rac8 23. Qd2 Re8 24. Rc1 b5 25. h3 Re7 26. Nf3 Qc5 27. Kh2 Be6
28. Rd3 Bc4 29. Rxd4 Bxd4 30. Nxd4 Rd8 31. c3 h6 32. Be3 Qe5+ 33. Kg1 Qf6 34.
Rc2 Red7 35. Qe1 Bd5 0-1

[Event "III DOLNOSLASKA LIGA SZACHOWA 2019/2020"]
[Site "Dolny Slask"]
[Date "1899-12-30"]
[Round "2.11"]
[White "Szczepaniak, Lukasz"]
[Black "Osinski, Emil"]
[Result "0-1"]
[WhiteTitle "k++"]
[BlackTitle "k"]
[WhiteElo "2191"]
[BlackElo "2137"]

1. c4 f6 2. c3 g6 3. g3 g7 4. g2 O-O 5. f3 d6 6. d4 c6 7. O-O c7 8. b3 e8 9. b2
bd7 10. c2 e5 11. e3 a5 12. fd1 f8 13. a3 e7 14. ac1 f8 15. b2 g4 16. h3 xf3 17.
xf3 ad8 18. g2 h6 19. c2 e6 20. d5 g7 21. d2 c5 22. b5 d7 23. b2 h7 24. c3 b6
25. b2 f5 26. a3 h5 27. h4 g5 28. hxg5 xg5 29. h3 f7 30. f4 h6 31. e2 g6 32. Kh2
exf4 33. exf4 h4 34. e1 h5 35. c7 hxg3+ 36. Kh1 xe2 37. xe2 xf4 38. f1 g2+ 39.
xg2 xg2 40. c3 e3 41. f3 f4 42. e6 g5 43. xg5 xg5 44. c1 d7 0-1

[Event "III DOLNOSLASKA LIGA SZACHOWA 2019/2020"]
[Site "Dolny Slask"]
[Date "1899-12-30"]
[Round "2.12"]
[White "Walentukiewicz, Michal"]
[Black "Daniel, Damian"]
[Result "1/2-1/2"]
[WhiteTitle "CM"]
[BlackTitle "k"]
[WhiteElo "2039"]
[BlackElo "2195"]

1. c4 f6 2. c3 e6 3. e4 d5 4. cxd5 exd5 5. e5 d4 6. exf6 dxc3 7. fxg7 cxd2+ 8.
xd2 xd2+ 9. xd2 xg7 10. O-O-O e6 11. f3 O-O 12. Kb1 c6 13. d3 ad8 14. c2 d4 15.
xd4 xd4 16. h6 g7 17. e3 b6 18. g5 d5 19. xd5 xd5 20. d1 e6 21. f4 f5 22. a4 h6
23. e7 f7 24. d8+ Kh7 25. h4 f8 26. d1 f7 1/2-1/2

[Event "III DOLNOSLASKA LIGA SZACHOWA 2019/2020"]
[Site "Dolny Slask"]
[Date "1899-12-30"]
[Round "2.13"]
[White "Dzikowski, Michal"]
[Black "Bienias, Piotr"]
[Result "1-0"]
[WhiteTitle "k"]
[BlackTitle "I++"]
[WhiteElo "2136"]
[BlackElo "1949"]

1. d4 f6 2. c4 e6 3. f3 c5 4. d5 b5 5. dxe6 fxe6 6. cxb5 d5 7. e3 d6 8. bd2 bd7
9. c2 b7 10. e2 O-O 11. g5 e7 12. g4 e5 13. f5 Kh8 14. xh7 xh7 15. xd7 f6 16.
f3 f7 17. h3 e4 18. e2 xf2+ 19. Kd1 f6 20. f1 e7 21. b3 e5 22. b1 xf1+ 23. xf1
d4 24. b2 d3 25. g4 f6 26. f5 g6 27. xe5 xe5 28. xg6 g7 29. xh7+ xh7 30. xh7 Kxh7
31. c1 c8 32. d2 Kg6 33. c4 d5 34. b6 f8 35. Ke1 a6 36. a5 e6 37. h3 d7 38. xc5
b5 39. c4 b8 40. d2 xb6 41. a4 d7 42. e5 e6 43. xe4 xb3 44. xb3 xb3 45. Kd2 Kf5
46. d4 b2+ 47. Kxd3 xg2 48. d6 h2 49. xa6 xh3 50. d6 h1 51. d4 a1 52. Kc2 a3 53.
e4+ Ke5 54. c4 e3 55. a5 a3 56. c5+ Kxe4 57. Kb2 a4 58. Kb3 Kd4 59. h5 a1 60.
Kb2 g1 61. a6 Kc4 62. a7 g2+ 63. Ka3 g1 64. h2 g8 65. Ka4 a8 66. h7 Kc5 67. Ka5
Kc6 68. Ka6 g8 69. h1 f8 70. c1+ Kd6 71. Kb7 f7+ 72. Kb8 f8+ 73. c8 f2 74. a8
b2+ 75. b7 1-0

[Event "III DOLNOSLASKA LIGA SZACHOWA 2019/2020"]
[Site "Dolny Slask"]
[Date "1899-12-30"]
[Round "2.14"]
[White "Wielosz, Jaroslaw"]
[Black "Zareba, Radoslaw"]
[Result "0-1"]
[WhiteTitle "I++"]
[BlackTitle "k"]
[WhiteElo "1984"]
[BlackElo "2119"]

1. c4 Nf6 2. Nc3 e5 3. g3 Be7 4. Bg2 O-O 5. Nf3 Nc6 6. d4 exd4 7. Nxd4 Bc5 8. Nb3
Bb4 9. O-O Re8 10. Nd5 h6 11. Bf4 Nxd5 12. cxd5 Ne5 13. Rc1 Bf8 14. Qc2 c6 15.
Rfd1 Qf6 16. Nd4 c5 17. Nb5 Qb6 18. Bxe5 Qxb5 19. a4 Qa6 20. Qc3 d6 21. Bf4 Bf5
22. b4 Rac8 23. Bf1 Qxa4 24. bxc5 Rxc5 25. Qa1 Qxa1 26. Rxa1 a6 27. f3 g5 28.
Bd2 Bg7 29. Ra2 Bc2 30. Rc1 Bb3 31. Ra3 Bxd5 32. Rd3 Rxc1 33. Bxc1 Bc4 34. Rxd6
Bxe2 35. f4 Bxf1 36. Kxf1 g4 37. f5 Re5 38. Bxh6 Rxf5+ 39. Bf4 Rb5 40. Ke2 Be5
41. Bxe5 Rxe5+ 42. Kd3 Kg7 43. Kd4 Rb5 44. Ke4 a5 45. Kf4 Rb4+ 46. Kf5 a4 47.
Rd3 b5 48. h4 gxh3 49. g4 Rb3 50. Rd7 h2 0-1

[Event "III DOLNOSLASKA LIGA SZACHOWA 2019/2020"]
[Site "Dolny Slask"]
[Date "1899-12-30"]
[Round "2.15"]
[White "Kurtyka, Barbara"]
[Black "Rogacka, Natalia"]
[Result "0-1"]
[WhiteTitle "I"]
[BlackTitle "I"]
[WhiteElo "1831"]
[BlackElo "1621"]

1. c4 g6 2. d3 g7 3. c3 f6 4. g3 O-O 5. g2 d6 6. f3 c6 7. O-O g4 8. h3 d7 9. d2
e8 10. c1 f5 11. h6 e5 12. xg7 Kxg7 13. d5 f6 14. xf6 xf6 15. e3 ae8 16. h2 f4
17. c3 g5 18. b4 h5 19. b5 d8 20. b2 Kh6 21. fe1 g6 22. d2 b6 23. e4 f5 24. xf5
xf5 25. g4 g6 26. Kh1 e6 27. g1 h4 28. e2 e7 29. gf1 ef7 30. Kg1 c5 31. ad1 e4
32. d4 d3 33. f3 fxe3 34. fxe4 f2 35. xe3 xd1 36. xd1 f4 37. f1 e6 38. e5 xf1+
39. xf1 xc4 40. d2 c1+ 41. Kg2 dxe5 42. d3 e1 43. e4 f4 44. c3 xe4+ 0-1

[Event "III DOLNOSLASKA LIGA SZACHOWA 2019/2020"]
[Site "Dolny Slask"]
[Date "1899-12-30"]
[Round "2.16"]
[White "Janocha, Wieslaw"]
[Black "Markowski, Piotr"]
[Result "0-1"]
[WhiteTitle "FM"]
[BlackTitle "k"]
[WhiteElo "2253"]
[BlackElo "2070"]

1. e4 e5 2. Nf3 d6 3. d4 f5 4. Bc4 exd4 5. exf5 d5 6. Bd3 c5 7. O-O Be7 8. Re1
Nf6 9. c3 c4 10. Bc2 d3 11. Ba4+ Bd7 12. Nd4 O-O 13. Bxd7 Qxd7 14. g4 Nc6 15.
Be3 Nxd4 16. Bxd4 Qc7 17. Qf3 Ne4 18. Nd2 Nxd2 19. Qxd5+ Kh8 20. Rad1 Rad8 21.
Qg2 Rxd4 22. cxd4 Bb4 23. Re5 c3 24. bxc3 Qxc3 25. Rde1 Nc4 26. Re8 d2 27. Rxf8+
Bxf8 28. Rf1 Qxd4 29. Rd1 Nb2 30. Rxd2 Qxd2 31. Qxb7 Qd1+ 0-1

[Event "III DOLNOSLASKA LIGA SZACHOWA 2019/2020"]
[Site "Dolny Slask"]
[Date "1899-12-30"]
[Round "2.17"]
[White "Kowalczuk, Mikolaj"]
[Black "Holownia, Michal"]
[Result "1-0"]
[WhiteTitle "I"]
[BlackTitle "I+"]
[WhiteElo "1928"]
[BlackElo "1943"]

1. e4 e5 2. Nf3 Nc6 3. Nc3 Nf6 4. g3 Bc5 5. Bg2 d6 6. d3 a6 7. O-O Bg4 8. h3 Be6
9. Ng5 O-O 10. Be3 Bxe3 11. fxe3 h6 12. Nf3 Nh7 13. Nh4 g6 14. Kh2 Ne7 15. d4
c6 16. Nf3 Qc7 17. Qd2 Kg7 18. Rf2 Rad8 19. Raf1 Kg8 20. b3 Kg7 21. Ne2 Bc8 22.
c4 f5 23. dxe5 dxe5 24. Qc3 fxe4 25. Nxe5 Kg8 26. Nf7 Rxf7 27. Rxf7 1-0

[Event "III DOLNOSLASKA LIGA SZACHOWA 2019/2020"]
[Site "Dolny Slask"]
[Date "1899-12-30"]
[Round "2.19"]
[White "Murawski, Eugeniusz"]
[Black "Wieczorek, Mikolaj"]
[Result "0-1"]
[WhiteTitle "I+"]
[BlackTitle "I"]
[WhiteElo "1831"]
[BlackElo "1837"]

1. b4 e5 2. Bb2 Bxb4 3. Bxe5 Nf6 4. Nf3 O-O 5. e3 d5 6. Be2 c5 7. O-O Nc6 8. Bb2
Re8 9. c3 Ba5 10. d3 Bg4 11. Nbd2 Bc7 12. h3 Bh5 13. Ba3 b6 14. Re1 Qd6 15. Nf1
Qd7 16. Qa4 Nd4 17. Qxd7 Nxe2+ 18. Rxe2 Nxd7 19. g4 Bg6 20. Rd1 f5 21. Nh4 Ne5
22. f4 Nc6 23. Nxf5 Bxf5 24. gxf5 Bxf4 25. Kf2 Bc7 26. e4 d4 27. c4 Rf8 28. Kg1
Rad8 29. Rg2 Ne5 30. Nh2 g6 31. Bc1 Kh8 32. Bh6 Rf7 33. Rf2 Rg8 34. Kh1 gxf5 35.
exf5 Rf6 36. Bf4 Rxf5 0-1

[Event "III DOLNOSLASKA LIGA SZACHOWA 2019/2020"]
[Site "Dolny Slask"]
[Date "1899-12-30"]
[Round "2.20"]
[White "Skiba, Aleksandra"]
[Black "Zielezinska, Zuzanna"]
[Result "1-0"]
[WhiteTitle "I++"]
[BlackTitle "II"]
[WhiteElo "1812"]
[BlackElo "1134"]

1. d4 d5 2. c4 e6 3. Nf3 Nf6 4. g3 b6 5. Bg2 Bb7 6. O-O Nbd7 7. Nbd2 Bb4 8. a3
Bd6 9. b4 c5 10. Rb1 Rb8 11. Qa4 a6 12. Bb2 O-O 13. cxd5 Nxd5 14. e4 Ne7 15. Qb3
cxd4 16. Nxd4 e5 17. Ne6 fxe6 18. Qxe6+ Kh8 19. Qxd6 Nc6 20. Qd3 Nf6 21. Qxd8
Rfxd8 22. Nc4 Nd7 23. Rbd1 b5 24. Nd6 Kg8 25. Nxb7 Rxb7 26. Rd6 Rc7 27. Rc1 Rdc8
28. Rxd7 Rxd7 29. Bh3 Rdc7 30. Bxc8 Rxc8 31. Bxe5 Ne7 32. Rxc8+ Nxc8 33. f4 Kf7
34. Kf2 Ne7 35. Ke3 Nc6 36. Bb2 g6 37. g4 Ke6 38. f5+ gxf5 39. exf5+ Kf7 40. Ke4
Ne7 41. h4 h6 42. Bc1 Kg7 43. Ke5 Nc6+ 44. Kd5 Ne7+ 45. Ke6 Ng8 46. f6+ Nxf6 47.
Bxh6+ Kg6 48. h5+ Nxh5 49. gxh5+ Kxh6 50. Kd6 Kxh5 51. Kc5 Kg6 52. Kb6 Kf7 53.
Kxa6 Ke7 54. Kxb5 Kd7 55. Ka6 Kc7 56. Ka7 1-0

[Event "III DOLNOSLASKA LIGA SZACHOWA 2019/2020"]
[Site "Dolny Slask"]
[Date "1899-12-30"]
[Round "2.21"]
[White "Kolasinski, Krzysztof"]
[Black "Kossobudzki, Robert"]
[Result "0-1"]
[WhiteTitle "I++"]
[BlackTitle "I"]
[WhiteElo "2125"]
[BlackElo "2116"]

1. d4 b5 2. e4 Bb7 3. Bd3 Nf6 4. Qe2 e6 5. Nf3 a6 6. O-O Be7 7. a4 b4 8. c4 d6
9. Bg5 Nbd7 10. Nbd2 c5 11. e5 dxe5 12. dxe5 Nh5 13. Be4 Bxg5 14. Bxb7 Ra7 15.
Ne4 Be7 16. Bc6 Rc7 17. Bxd7+ Rxd7 18. g3 O-O 19. Rfd1 g6 20. b3 Ng7 21. Rxd7
Qxd7 22. Rd1 Qc7 23. Nf6+ Bxf6 24. exf6 Nh5 25. Qe5 Qxe5 26. Nxe5 Nxf6 27. Nd7
Nxd7 28. Rxd7 Kg7 29. Kf1 Rc8 30. Rd6 Kf6 31. Ke2 Ke5 32. Rxa6 Rc7 33. Ke3 g5
34. Rb6 h5 35. a5 f6 36. a6 f5 37. f4+ gxf4+ 38. gxf4+ Kf6 39. Rb7 Rc6 40. a7
Ra6 41. Kf3 Ra3 42. Kg2 Kg6 43. Rc7 h4 44. Rxc5 Rxa7 45. Re5 Ra2+ 46. Kh3 Kf6
47. Rb5 Rf2 48. Kxh4 Rxf4+ 49. Kg3 Rg4+ 50. Kf3 e5 51. Rxb4 e4+ 52. Ke3 Rh4 53.
Kd4 Rxh2 54. Rb6+ Kg5 55. c5 Rd2+ 56. Ke3 Rd3+ 57. Ke2 f4 58. Rb4 f3+ 59. Kf2
Rd2+ 60. Kg3 f2 61. Kg2 e3 62. Re4 Rd1 0-1

[Event "III DOLNOSLASKA LIGA SZACHOWA 2019/2020"]
[Site "Dolny Slask"]
[Date "1899-12-30"]
[Round "2.22"]
[White "Grzesik, Norbert"]
[Black "Luberanski, Jakub"]
[Result "1/2-1/2"]
[WhiteTitle "I++"]
[BlackTitle "I++"]
[WhiteElo "2015"]
[BlackElo "2015"]

1. e4 c5 2. Nf3 e6 3. d4 cxd4 4. Nxd4 Nf6 5. Bd3 Nc6 6. Nxc6 dxc6 7. O-O e5 8.
a4 a5 9. h3 Be6 10. Be3 Nd7 11. Qf3 Bc5 12. Nd2 Bxe3 13. Qxe3 Qb6 14. Qxb6 Nxb6
15. Rfd1 Ke7 16. b3 Rhd8 17. Kf1 g5 18. Ke2 f6 19. Nf1 Rd4 20. Ne3 Rad8 21. c3
R4d6 22. Bc2 h5 23. Rxd6 Rxd6 24. Rd1 h4 25. Rxd6 Kxd6 26. Kd3 Kc5 27. Bd1 Nd7
28. Kc2 Nf8 29. Ng4 Bxg4 30. Bxg4 Ng6 31. g3 b5 32. Kd3 Ne7 33. Be6 Kd6 34. Bg4
Ng6 35. Ke3 Ne7 36. Kd3 Ng8 37. Ke3 Nh6 38. Be2 Kc5 39. Kd3 Nf7 40. Bg4 Nd6 41.
Be6 bxa4 42. bxa4 Kb6 43. Ke3 Nb7 44. Bb3 Nc5 45. Bc2 Ne6 46. Kf3 Kc7 47. Kg4
Kd6 48. gxh4 gxh4 49. Kxh4 Ke7 50. Kg4 Nf4 51. h4 Kf7 52. Bb3+ Kg6 53. Bc4 c5
54. Bb5 Ne6 55. Be8+ Kh6 56. Bd7 Ng7 57. Bb5 Kg6 58. Bc6 Kh6 59. Bd7 Kg6 60. f3
Kh6 61. Bf5 Ne8 62. h5 Nd6 63. Bg6 Kg7 64. f4 Kh6 65. fxe5 fxe5 66. Kf3 Kg5 67.
Ke2 Nc4 68. Be8 Nd6 69. Bg6 Nc4 70. Ke1 Kh6 71. Kf2 Nb2 72. Be8 Nc4 73. Kg3 Kg5
74. Kf3 Nd6 75. Bg6 Nc4 76. Kg3 Nd2 77. Kf2 Nb1 78. Ke3 c4 79. Bf7 Nxc3 80. Bxc4
Nxa4 81. Bf7 Nc5 82. Bg6 a4 83. Kd2 Ne6 84. Kc3 Nf4 85. Be8 a3 86. Kb3 Nxh5 87.
Kxa3 Nf6 88. Bc6 Kf4 89. Kb3 Nxe4 90. Kc2 Ke3 91. Kd1 Nc3+ 92. Ke1 Kd4 93. Bg2
Nd5 94. Kd2 Nf4 95. Bf3 1/2-1/2

[Event "III DOLNOSLASKA LIGA SZACHOWA 2019/2020"]
[Site "Dolny Slask"]
[Date "1899-12-30"]
[Round "2.23"]
[White "Kawalko, Adam"]
[Black "Paprocki, Artur"]
[Result "1-0"]
[WhiteTitle "I++"]
[BlackTitle "I"]
[WhiteElo "1957"]
[BlackElo "1825"]

1. e4 g6 2. d4 Bg7 3. Be3 c5 4. Nc3 cxd4 5. Bxd4 Nf6 6. e5 Nh5 7. Nge2 f6 8. e6
f5 9. Bxg7 Nxg7 10. Qd4 O-O 11. exd7 Qxd7 12. O-O-O Qxd4 13. Nxd4 e5 14. Bc4+
Kh8 15. Ndb5 Nc6 16. Nd6 Be6 17. Bxe6 Nxe6 18. Nxb7 Rab8 19. Nd6 Kg7 20. Rhe1
Ned4 21. Ne2 Ne6 22. Kb1 Rfd8 23. Nc4 Kf6 24. Nc3 Ned4 25. Ne3 Ke6 26. Ne2 Nxe2
27. Rxe2 Rxd1+ 28. Nxd1 Rd8 29. Kc1 Nd4 30. Rd2 Rc8 31. Kb1 g5 32. c3 Nc6 33.
Ne3 h5 34. Nc4 Rd8 35. Rxd8 Nxd8 36. Kc2 Nb7 37. b4 e4 38. a4 f4 39. a5 Kd5 40.
a6 Nd8 41. Nb6+ Kc6 42. Nc8 Kb5 43. Nd6+ Kxa6 44. Nxe4 Ne6 45. Kb3 Kb6 46. Kc4
Kc6 47. b5+ Kb6 48. Kb4 a6 49. bxa6 Kxa6 50. Kc4 Kb6 51. Kd5 Nc7+ 52. Ke5 1-0

[Event "III DOLNOSLASKA LIGA SZACHOWA 2019/2020"]
[Site "Dolny Slask"]
[Date "1899-12-30"]
[Round "2.25"]
[White "Janikowska, Wiktoria"]
[Black "Woznica, Alicja"]
[Result "1-0"]
[WhiteTitle "I"]
[BlackTitle "II+"]
[WhiteElo "1355"]
[BlackElo "1117"]

1. e4 e5 2. Nf3 Nc6 3. d4 exd4 4. Nxd4 Nf6 5. Nxc6 bxc6 6. Bd3 Bb4+ 7. c3 Ba5 8.
Bg5 h6 9. Bh4 g5 10. Bg3 d6 11. Nd2 Bb7 12. Nc4 Bb6 13. a4 d5 14. Nxb6 cxb6 15.
e5 Ne4 16. O-O Qe7 17. Qh5 O-O-O 18. Qg4+ Kb8 19. Bxe4 dxe4 20. Qxe4 Qe6 21. a5
b5 22. a6 Ba8 23. Rad1 Kc8 24. Qe3 Rd7 25. Rd6 Rxd6 26. Qxa7 Rdd8 27. Qxa8+ Kd7
28. Rd1+ Ke7 29. Qa7+ Rd7 30. Qc5+ Ke8 31. Ra1 Rd8 32. a7 Kd7 33. Qb6 Ke7 34.
Qb7+ Qd7 35. Qxd7+ Kxd7 36. e6+ Kxe6 37. Bb8 Rxb8 38. axb8=Q Rxb8 39. Kf1 Kd5
40. b3 Re8 41. Rd1+ Kc5 42. Rd7 f5 43. Rf7 f4 44. Rf6 Ra8 45. c4 bxc4 46. bxc4
Ra4 47. Rxh6 Rxc4 48. Rh5 Kd4 49. Rxg5 Rc1+ 50. Ke2 c5 51. Kf3 c4 52. Kxf4 c3
53. Rg8 Kd3 54. Kf3 Kd2 55. Rd8+ Ke1 56. Rc8 Rc2 57. Ke3 Re2+ 58. Kd3 Rxf2 59.
Rxc3 Kf1 60. g4 Rf3+ 61. Kc2 Rf2+ 62. Kb3 Rf8 63. h4 Rb8+ 64. Kc4 Rc8+ 65. Kd4
Rg8 66. g5 Rh8 67. Ke5 Rxh4 68. Kf5 Ke2 69. g6 Ra4 70. Rc6 Kf3 71. Rc3+ Ke2 72.
g7 Ra5+ 73. Kf6 Ra6+ 74. Kf7 Ra7+ 75. Kg6 Ra6+ 76. Kh7 Ra7 77. Rc8 Ke3 78. Kh8
Ra1 79. g8=Q Rh1+ 80. Kg7 Rg1+ 81. Kf6 Rf1+ 82. Ke5 Rf4 83. Qb3+ 1-0

[Event "III DOLNOSLASKA LIGA SZACHOWA 2019/2020"]
[Site "Dolny Slask"]
[Date "1899-12-30"]
[Round "2.26"]
[White "Mielczarek, Daniel"]
[Black "Dobrowolski, Aleksander"]
[Result "1/2-1/2"]
[WhiteTitle "I"]
[BlackTitle "m"]
[WhiteElo "1912"]
[BlackElo "2224"]

1. d4 Nf6 2. Bg5 Ne4 3. Bf4 c5 4. Bxb8 Rxb8 5. Nd2 Nxd2 6. Qxd2 cxd4 7. Qxd4 Qa5+
8. Qd2 Qxd2+ 9. Kxd2 d5 10. e3 e5 11. Bb5+ Bd7 12. Bxd7+ Kxd7 13. Ne2 Ke6 14.
f4 f6 15. Rhf1 Bc5 16. c3 Rhe8 17. fxe5 fxe5 18. Rf3 Rf8 19. Raf1 Rxf3 20. Rxf3
b5 21. Rh3 h6 22. Rg3 Rb7 23. Rg6+ Kf5 24. Rc6 Be7 25. Ng3+ Kg4 26. Re6 Bf6 27.
Rd6 b4 28. cxb4 Rxb4 29. b3 Rb5 30. Ra6 Rb7 31. Rd6 Rb5 32. Ra6 Rb7 33. Rd6 1/2-1/2